000 00245 a2200109 4500
005 20250628165930.0
020 _a978-0-85732-137-4
100 _aACCA
245 _aFinancial Reporting
300 _axxiv, 522P.: ill;
_bindex
_c29cm
942 _2ddc
_cBKS
999 _c6128
_d6128